Songs of Eurovision Song Contest 2021 by letter - Statistics

General Stats
  • This quiz has been taken 12 times
  • The average score is 17 of 20
Answer Stats
Letter Songs % Correct
A Adrenalina / Amnesia / Amen (x2)
100%
D Dark side / Discoteque
100%
L Last dance / Loco Loco / Love is on my side
100%
R Russian woman
100%
S Set me free / Shum / Sugar
100%
V Voices / Voilà / Voy a quedarme
100%
E El diablo / Embers
92%
I I don't feel hate
92%
T Technicolour / Tick-tock / The lucky one / The moon is rising / The ride / The wrong place / Tout l'univers
92%
F Fallen angel
83%
G Growing up is getting old
83%
J Je me casse
83%
K Karma
83%
# 10 years
75%
M Maps / Mata Hari
75%
O Omaga / Øve os på hinanden
75%
Y You
75%
Z Zitti e buoni
75%
B Birth of a new age
58%
H Here I stand
42%
No matching quizzes found
Score Distribution
Percent of People with Each Score
Percentile by Number Answered
Your Score History
You have not taken this quiz